| 000 | 00974nam a2200241Ia 4500 | ||
|---|---|---|---|
| 003 | GCL | ||
| 008 | 140319s9999 xx 000 0 ara d | ||
| 020 | _a0565901977 | ||
| 040 |
_aGCL / _cGCL |
||
| 082 | 0 | 4 |
_aق _b327.6205491 _bم ع |
| 100 | 1 | _aمحمد نعمان جلال | |
| 245 | 1 | 0 |
_aالعلاقات المصرية الباكستنية فى نصف قرن / _cمحمد نعمان جلال |
| 260 |
_aالقاهرة : _bالهيئة المصرية العامة للكتاب ، _c1998 |
||
| 300 |
_a214 ص ؛ _c22 سم |
||
| 490 |
_aتاريخ المصريين _v124 |
||
| 650 | 0 | 4 | _aحرب اكتوبر 1973 |
| 650 | 0 | 4 | _aمصر - الاحوال السياسية |
| 650 | 0 | 4 | _aباكستان - العلاقات الخارجية |
| 650 | 0 | 4 | _aمصر - العلاقات الخارجية - باكستان |
| 650 | 0 | 4 | _aباكستان - الاحوال السياسية |
| 650 | 0 | 4 | _aمصر - العلاقات الثقافية - باكستان |
| 942 |
_2ddc _cBK |
||
| 999 |
_c57348 _d57348 |
||